[Event "Heusenstamm Sparkassen op-B 6th"]
[Site "Heusenstamm"]
[Date "2019.11.24"]
[Round "6"]
[White "Laux, Filip"]
[Black "Hahnenstein, Leon"]
[Result "0-1"]
[WhiteElo "1129"]
[BlackElo "1449"]
[PlyCount "64"]
[EventDate "2019.11.21"]
[EventType "swiss"]
[EventRounds "7"]
[EventCountry "GER"]
[SourceTitle "CBM 194 Extra"]
[Source "ChessBase"]
[SourceDate "2020.03.31"]
[SourceVersion "1"]
[SourceVersionDate "2020.03.31"]
[SourceQuality "1"]

1. e4 e5 2. Nf3 Nc6 3. Bc4 Bc5 4. c3 Nf6 5. d3 d6 6. Bb3 Ne7 7. Nbd2 Ng6 8. 0-0 0-0 9. h3 Be6 10. Bxe6 fxe6 11. b4 Bb6 12. Re1 Qd7 13. Nf1 Rf7 14. Ng3 Raf8 15. Qd2 Nf4 16. d4 Qb5 17. a4 Qd3 18. a5 Nxh3+ 19. gxh3 Qxf3 20. Ra2 Nh5 21. Nxh5 Qxh5 22. Qe3 Rf3 23. Qg5 Qxh3 24. Ree2 R8f6 25. axb6 cxb6 26. Rxa7 Rg6 27. Qxg6 hxg6 28. Rxb7 Qg4+ 29. Kf1 Rh3 30. Ke1 Rh1+ 31. Kd2 Rxc1 32. Re3 Qd1# 0-1

[Event "Hofheim Spring op-B 6th"]
[Site "Hofheim"]
[Date "2018.04.06"]
[Round "6"]
[White "Hahnenstein, Leon"]
[Black "Eckert, Michael"]
[Result "1-0"]
[WhiteElo "1472"]
[BlackElo "1649"]
[PlyCount "83"]
[EventDate "2018.04.03"]
[EventType "swiss"]
[EventRounds "9"]
[EventCountry "GER"]
[SourceTitle "EXT 2020"]
[Source "ChessBase"]
[SourceDate "2019.10.17"]
[SourceVersion "1"]
[SourceVersionDate "2019.10.17"]
[SourceQuality "1"]

1. e4 e5 2. Nf3 Nc6 3. Bc4 Nf6 4. d3 h6 5. c3 Bc5 6. Be3 Bxe3 7. fxe3 d6 8. Nbd2 Be6 9. Bb3 0-0 10. 0-0 Qd7 11. Qc2 Ne7 12. d4 exd4 13. exd4 c6 14. Rae1 Ng6 15. e5 Bf5 16. Qd1 dxe5 17. Nxe5 Nxe5 18. Rxe5 Be6 19. Qe2 Bxb3 20. Nxb3 Rfe8 21. Nc5 Rxe5 22. dxe5 Qe7 23. Nxb7 Re8 24. Qa6 Qxe5 25. Qxc6 Qe3+ 26. Kh1 Qe1 27. Qf3 Re3 28. h3 Qd2 29. Qf4 Ne4 30. Kh2 Qe2 31. Qxf7+ Kh7 32. Qf4 Rg3 33. Rg1 Rf3 34. Qxf3 Qxb2 35. Qxe4+ Kg8 36. Qb4 Qxa2 37. Re1 Qf7 38. Qe4 Qc7+ 39. Kh1 Qxc3 40. Qd5+ Kh7 41. Qf5+ Kg8 42. Re8# 1-0

[Event "Heusenstamm Sparkassen op-B 4th"]
[Site "Heusenstamm"]
[Date "2017.11.24"]
[Round "3"]
[White "Emig, Nils"]
[Black "Hahnenstein, Leon"]
[Result "1-0"]
[WhiteElo "1600"]
[BlackElo "1411"]
[PlyCount "71"]
[EventDate "2017.11.23"]
[EventType "swiss"]
[EventRounds "7"]
[EventCountry "GER"]
[SourceTitle "EXT 2019"]
[Source "ChessBase"]
[SourceDate "2018.10.10"]
[SourceVersion "1"]
[SourceVersionDate "2018.10.10"]
[SourceQuality "1"]

1. d4 d5 2. c4 c6 3. Nc3 Nf6 4. Nf3 Bf5 5. Bf4 e6 6. a3 Be7 7. e3 Nbd7 8. Be2 0-0 9. 0-0 Rc8 10. Rc1 Nb6 11. cxd5 Nbxd5 12. Nxd5 Nxd5 13. Bg3 Bg6 14. Ne5 Bd6 15. Nxg6 fxg6 16. Bxd6 Qxd6 17. Bf3 Rf7 18. e4 Ne7 19. Bg4 Rd8 20. Qb3 Kh8 21. Bxe6 Rf4 22. e5 Qc7 23. d5 Qxe5 24. Qxb7 Nxd5 25. Qxc6 Rff8 26. Rcd1 Nf4 27. Rxd8 Rxd8 28. Bg4 Qxb2 29. Qa4 h5 30. Qxf4 hxg4 31. Qxg4 Qxa3 32. Qh4+ Kg8 33. Qxd8+ Kh7 34. Qd4 a5 35. Ra1 Qe7 36. g3 1-0

[Event "Heusenstamm Sparkassen op-B 4th"]
[Site "Heusenstamm"]
[Date "2017.11.24"]
[Round "2"]
[White "Hahnenstein, Leon"]
[Black "Michel, Carsten"]
[Result "1-0"]
[WhiteElo "1411"]
[BlackElo "1664"]
[PlyCount "77"]
[EventDate "2017.11.23"]
[EventType "swiss"]
[EventRounds "7"]
[EventCountry "GER"]
[SourceTitle "EXT 2019"]
[Source "ChessBase"]
[SourceDate "2018.10.10"]
[SourceVersion "1"]
[SourceVersionDate "2018.10.10"]
[SourceQuality "1"]

1. e4 c5 2. Nf3 Nc6 3. Bc4 e6 4. d3 d5 5. exd5 exd5 6. Bb3 Nf6 7. 0-0 Be7 8. Be3 0-0 9. h3 Qd6 10. Qd2 Be6 11. Bf4 Qd7 12. c3 Rad8 13. Rd1 d4 14. c4 Bd6 15. Re1 Bxf4 16. Qxf4 Rfe8 17. Nbd2 Nb4 18. Ne5 Qe7 19. a3 Nc6 20. Nxc6 bxc6 21. Ne4 Nxe4 22. Qxe4 Qb7 23. Ba4 Bd7 24. Qf3 Qxb2 25. Bxc6 Bxc6 26. Qxc6 Qb8 27. Qxc5 h6 28. Rxe8+ Rxe8 29. Qxd4 Rd8 30. Qc3 Re8 31. Rc1 Qf4 32. d4 Re2 33. Rf1 Rd2 34. d5 Rd4 35. Qe3 Qxe3 36. fxe3 Rxc4 37. d6 Kf8 38. d7 Ke7 39. Rxf7+ 1-0

[Event "Hessen-chB"]
[Site "Marburg"]
[Date "2017.??.??"]
[Round "4"]
[White "Hahnenstein, Leon"]
[Black "Poschadel, Andreas Gregor"]
[Result "1-0"]
[WhiteElo "1189"]
[BlackElo "1451"]
[PlyCount "147"]
[EventDate "2017.05.24"]
[EventType "swiss"]
[EventRounds "7"]
[EventCountry "GER"]
[SourceTitle "EXT 2018"]
[Source "ChessBase"]
[SourceDate "2017.10.13"]
[SourceVersion "1"]
[SourceVersionDate "2017.10.13"]
[SourceQuality "1"]

1. e4 e5 2. Nf3 Nc6 3. Bc4 Bc5 4. d3 h6 5. Be3 Bb6 6. c3 Nf6 7. Nbd2 d5 8. Bb3 Bg4 9. h3 Bh5 10. 0-0 0-0 11. Qc2 Re8 12. Rfe1 Qd7 13. Rad1 Rad8 14. Bxb6 axb6 15. Ba4 Qd6 16. Re3 d4 17. Ree1 dxc3 18. Nc4 Qe6 19. Bxc6 bxc6 20. Ncxe5 Bxf3 21. Nxf3 cxb2 22. Qxb2 c5 23. Nh4 Ra8 24. a3 Nh5 25. Nf5 Qg6 26. g3 Kh7 27. d4 cxd4 28. Rxd4 Rad8 29. Rxd8 Rxd8 30. Qc3 c5 31. Qb3 Rb8 32. Rd1 b5 33. Rd6 c4 34. Qf3 f6 35. g4 Qg5 36. Rd7 Qc1+ 37. Kh2 Qf4+ 38. Qxf4 Nxf4 39. Rxg7+ Kh8 40. Rf7 Rc8 41. Rxf6 c3 42. Nd4 Nxh3 43. Rxh6+ Kg7 44. Rxh3 c2 45. Nxc2 Rxc2 46. Kg2 Kg6 47. Rh5 Rb2 48. Rf5 b4 49. axb4 Rxb4 50. f3 Rb2+ 51. Kg3 Re2 52. e5 Kg7 53. Rg5+ Kh6 54. Kf4 Ra2 55. Kf5 Rf2 56. f4 Ra2 57. Kf6 Kh7 58. e6 Ra6 59. Rg7+ Kh8 60. Rd7 Kg8 61. Rd8+ Kh7 62. Kf7 Ra5 63. Rd1 Ra7+ 64. e7 Rxe7+ 65. Kxe7 Kg6 66. Rf1 Kg7 67. f5 Kh6 68. f6 Kg5 69. f7 Kxg4 70. f8Q Kg3 71. Qf4+ Kh3 72. Rf3+ Kg2 73. Qg4+ Kh1 74. Rh3# 1-0